| 000 | 00987nam a2200265 a 4500 | ||
|---|---|---|---|
| 001 | 65047 | ||
| 003 | BD-RjUL | ||
| 005 | 20211209081400.0 | ||
| 008 | 170226s enk b 001 0 eng | ||
| 035 | _a(BD-RjUL)65177 | ||
| 040 |
_aDLC _cDLC _dBD-RjUL _beng |
||
| 041 | 0 | _aengtur | |
| 082 | 0 | 0 |
_a956.1 _223 _bPAO |
| 100 | 0 |
_a Paşa,Sarı Mehmed _d-1717. _9192762 |
|
| 245 | 1 | 0 |
_aOttoman statecraft : _bthe book of counsel for vezirs and governors (Naṣāʼiḥ ül-vüzera veʼl-ümera) of Sarı Meḥmed Pasha, the Defterdār. _cTurkish text, with introd., translation, and notes by Walter Livingston Wright, Jr. |
| 260 |
_aWestport, Conn. : _bGreenwood Press _c1935. |
||
| 300 |
_aV. ; _c24 cm. |
||
| 504 | _aIncludes Bibliography. | ||
| 505 | _aVol. 2 -- | ||
| 651 | 0 |
_aTurkey _xPolitics and government. _9189492 |
|
| 700 | 1 |
_aWright, Walter Livingston, _d1900- _eed. _9192763 |
|
| 740 | _aNaṣāʼiḥ ül-vüzera veʼl-ümera. | ||
| 942 |
_2ddc _cBK |
||
| 999 |
_c65047 _d65047 |
||